[Event "Langenhagen-ch op"]
[Site "Langenhagen"]
[Date "2006.07.20"]
[Round "3"]
[White "Hoffmann, Lukas"]
[Black "Lutter Tschoerner, Margret"]
[Result "1-0"]
[WhiteElo "2120"]
[BlackElo "1143"]
[PlyCount "51"]
[EventDate "2006.05.27"]
[EventType "tourn"]
[EventRounds "7"]
[EventCountry "GER"]
[SourceTitle "EXT 2021"]
[Source "ChessBase"]
[SourceDate "2020.10.23"]
[SourceVersion "1"]
[SourceVersionDate "2020.10.23"]
[SourceQuality "1"]

1. e4 e5 2. Nf3 Nf6 3. Nc3 Nc6 4. a3 Be7 5. d4 d6 6. d5 Nd4 7. Nxd4 exd4 8. Bb5+ Bd7 9. Bxd7+ Nxd7 10. Qxd4 Bf6 11. Qe3 0-0 12. 0-0 Ne5 13. h3 Re8 14. f4 Nc4 15. Qd3 Nb6 16. Be3 Bxc3 17. bxc3 Qd7 18. Rae1 c6 19. c4 Na4 20. Bd4 c5 21. Ba1 a6 22. Qg3 f6 23. Bxf6 g6 24. e5 Qf5 25. Qg4 Qxc2 26. Qd7 1-0

[Event "Langenhagen-ch op"]
[Site "Langenhagen"]
[Date "2006.07.14"]
[Round "4"]
[White "Lutter Tschoerner, Margret"]
[Black "Kothrade, Andreas"]
[Result "0-1"]
[WhiteElo "1143"]
[BlackElo "1466"]
[PlyCount "72"]
[EventDate "2006.05.27"]
[EventType "tourn"]
[EventRounds "7"]
[EventCountry "GER"]
[SourceTitle "EXT 2021"]
[Source "ChessBase"]
[SourceDate "2020.10.23"]
[SourceVersion "1"]
[SourceVersionDate "2020.10.23"]
[SourceQuality "1"]

1. c4 Nf6 2. Nf3 d5 3. e3 Bg4 4. Be2 Bxf3 5. Bxf3 e6 6. Qa4+ c6 7. Nc3 Be7 8. 0-0 Qd6 9. d4 h5 10. c5 Qc7 11. Re1 g5 12. e4 dxe4 13. Nxe4 g4 14. Bd1 Nbd7 15. Bg5 Nxe4 16. Bxe7 Qf4 17. Qc2 Qxf2+ 18. Qxf2 Nxf2 19. Bd6 Nd3 20. Re3 Nxb2 21. Bb3 b5 22. Rae1 Nc4 23. Bxc4 bxc4 24. a4 Nf6 25. Be5 Rh6 26. Rb1 Nd5 27. Re2 Nc3 28. Ree1 Nxb1 29. Rxb1 f6 30. Bf4 Rh7 31. a5 Rd7 32. Rd1 Rb7 33. Kf2 Rb3 34. d5 exd5 35. Re1+ Kf7 36. Bd6 Re8 0-1

[Event "Langenhagen-ch op"]
[Site "Langenhagen"]
[Date "2006.06.03"]
[Round "2"]
[White "Lutter Tschoerner, Margret"]
[Black "Eike, Thomas"]
[Result "0-1"]
[WhiteElo "1143"]
[BlackElo "1706"]
[PlyCount "70"]
[EventDate "2006.05.27"]
[EventType "tourn"]
[EventRounds "7"]
[EventCountry "GER"]
[SourceTitle "EXT 2021"]
[Source "ChessBase"]
[SourceDate "2020.10.23"]
[SourceVersion "1"]
[SourceVersionDate "2020.10.23"]
[SourceQuality "1"]

1. e4 e5 2. Nf3 Nf6 3. Nc3 Bb4 4. d3 d5 5. Bd2 Nc6 6. g3 Bg4 7. h3 Bh5 8. g4 Bg6 9. Bg2 dxe4 10. Ng5 exd3 11. Be4 Nxe4 12. Ncxe4 dxc2 13. Qxc2 Bxd2+ 14. Qxd2 h6 15. 0-0-0 Qxd2+ 16. Rxd2 hxg5 17. Nc5 b6 18. Na6 Rc8 19. Rhd1 Nd4 20. Nb4 Rxh3 21. b3 c5 22. Nd5 c4 23. Re1 Nf3 24. Re3 Rh1+ 25. Kb2 Nxd2 26. Rxe5+ Kf8 27. Kc3 cxb3+ 28. Kxd2 bxa2 29. Ne7 Rc2+ 30. Ke3 Re1+ 31. Kf3 Rxe5 32. Nxg6+ fxg6 33. Kg3 a1Q 34. Kf3 Qd1+ 35. Kg3 Rc3+ 0-1